Applied process design: for chemical and petrochemical plants

Guardat en:
Dades bibliogràfiques
Autor principal: Ludwig, Ernest E. (autor)
Format: Llibre
Idioma:anglès
Publicat: Houston Gulf Publishing Company 1994
Edició:3a. ed
Matèries:
Etiquetes: Afegir etiqueta
Sense etiquetes, Sigues el primer a etiquetar aquest registre!

MARC

LEADER 00000nam a2200000 a 4500
001 UCZ4387
003 CL-VaPUC
008 951109e19940000US |||||||||||||||||eng|d
082 0 4 |a 660.283  |b LUD  |2 21 
100 |a Ludwig, Ernest E.  |e autor  |9 601164 
245 1 0 |a Applied process design: for chemical and petrochemical plants 
250 |a 3a. ed 
300 |a v 
942 |c BK 
945 |d 19951109 00:00:00  |a rbrito 
260 |a Houston  |b Gulf Publishing Company  |c 1994 
650 7 |a PLANTAS QUIMICAS  |2 CL-VaPUC  |9 336641 
650 7 |a EQUIPAMIENTOS E INSUMOS  |2 CL-VaPUC  |9 348410 
650 0 |a Industria del petróleo   |9 261973 
650 7 |a PETROLEO  |2 CL-VaPUC  |9 320865 
583 |a last modification  |c 20160920 04:17:19  |k Rodrigo Vera 
999 |c 240786  |d 240784 
952 |0 0  |1 0  |4 0  |6 660_283000000000000_LUD_1994  |7 0  |8 A  |9 252816  |a BIBING  |b BIBING  |d 2019-11-18  |h v.1  |i 3147746  |o 660.283 LUD 1994  |p 3147746  |r 2025-01-20  |w 2019-11-18  |y BK  |k EIQ